01052 2200313 4500001002100000005001500021035002000036007000300056008004100059082002100100084002300121100004500144245009900189300004800288650002500336504002900361710004500390264006000435336002100495337003000516338002300546040002200569090002200591850001200613110004500625651002400670999002200694990002200716INLIS00000000086004420210520102703 a0010-0521000625ta210520s2019 yoia g | ind d04223a361.09598272 a361.09598272 BAN i0 aBantul. Badan Pusat StatistikePengarang10aIndikator kesejahteraan rakyat Kabupaten Bantul 2018 /cBadan Pusat Statistik Kabupaten Bantul axx, 125 halaman :bgambar berwarna ;c21 cm 4aKesejahteraan rakyat aBibliografi: halaman 125 aBantul. Badan Pusat StatistikePengarang31aBantul :bBadan Pusat Statistik Kabupaten Bantul,c2019 2rdacontentateks 2rdamediaatanpa perantara 2rdacarrieravolume aYOPDYOGbinderda aCB-D.11 2019-3715 aYOPDYOG2 aBantul. Badan Pusat StatistikePengarang 4aBantul--xStatistik aCB-D.11/2019-3715 aCB-D.11/2019-3715